|
|
|
|
| LEADER |
00942nam a22002297a 4500 |
| 001 |
921318 |
| 003 |
GR-PaULI |
| 005 |
20220523120123.0 |
| 008 |
820406|1982 ||| 000 0 por |
| 952 |
|
|
|0 0
|1 0
|2 ddc
|4 0
|6 981_060000000000000_MOR
|7 0
|9 360191
|a LISP
|b LISP
|c DON
|d 2022-05-23
|e ΔΙΑ
|i 088422
|l 0
|o 981.06 MOR
|p 025000293275
|r 2022-05-23 00:00:00
|t 1
|w 2022-05-23
|y BKN
|
| 999 |
|
|
|c 210533
|d 210533
|
| 010 |
|
|
|a 82139745
|
| 040 |
|
|
|a DLC
|c GR-PaULI
|d GR-PaULI
|b gre
|e AACR2
|
| 082 |
0 |
4 |
|2 23
|a 981.06
|
| 100 |
1 |
|
|a Moraes, Dênis de
|9 191951
|e συγγραφέας.
|
| 245 |
1 |
0 |
|a Prestes :
|b lutas e autocríticas /
|c Dênis de Moraes, Francisco Viana ; pref. de Raymundo Faoro.
|
| 260 |
|
|
|a Petrópolis :
|b Vozes,
|c 1982.
|
| 300 |
|
|
|a 227, [14] σ. :
|b εικ. ;
|c 21 εκ.
|
| 600 |
1 |
0 |
|9 191953
|a Prestes, Luís Carlos,
|d 1898-1990
|
| 700 |
1 |
|
|9 191952
|a Viana, Francisco,
|d 1951-
|e συγγραφέας.
|
| 942 |
|
|
|2 ddc
|c BKN
|
| 998 |
|
|
|c ΜΠΟΥΡΑΣ
|d 2022-05
|